| 000 | 01246aam a2200457 4500 | ||
|---|---|---|---|
| 005 | 20220125120834.0 | ||
| 008 | 150414b xxu||||| |||| 00| 0 spa d | ||
| 041 | _aspa | ||
| 082 | _a395 S685p | ||
| 100 |
_aSolé, Montse _95267 |
||
| 245 | _aEl Protocolo y la empresa | ||
| 260 | _aEspaña | ||
| 260 | _bPlaneta | ||
| 260 | _c2001 | ||
| 300 | _a235 páginas | ||
| 650 |
_aPROTOCOLO _92781 |
||
| 650 |
_aETIQUETA FEMENINA _95268 |
||
| 650 |
_aVESTUARIO _95269 |
||
| 650 |
_aCOMUNICACIÓN _9490 |
||
| 650 |
_aCOMUNICACIÓN ESCRITA _9353 |
||
| 650 |
_aMEMORANDUMS _95270 |
||
| 650 |
_aCORRESPONDENCIA OFICIAL _95271 |
||
| 650 |
_aTELEFONOS _95272 |
||
| 650 |
_aMARKETING TELEFÓNICO _95273 |
||
| 650 |
_aCOMUNICACIÓN ORAL _9362 |
||
| 650 |
_aDISCURSOS _95274 |
||
| 650 |
_aCOMUNICACIÓN NO VERBAL _9277 |
||
| 650 |
_aKINESIA _95275 |
||
| 650 |
_aPROXEMICA _95276 |
||
| 650 |
_aPARALINGUISTICA _95277 |
||
| 650 |
_aPRENSA _95278 |
||
| 650 |
_aRUEDA DE PRENSA _95279 |
||
| 650 |
_aCONFERENCIA DE PRENSA _95280 |
||
| 650 |
_aCOMIDAS DE TRABAJO _95281 |
||
| 650 |
_aBUFFET _95282 |
||
| 650 |
_aCOCTEL _95283 |
||
| 650 |
_aACTOS OFICIALES _95284 |
||
| 650 |
_aBANDERAS _95285 |
||
| 650 |
_aCONDECORACIONES _95286 |
||
| 942 | _cBK | ||
| 999 |
_c916 _d916 |
||